00491nam a2200181Ia 4500003000900000008004100009020001800050040001600068080001300084100002000097245004800117260004000165300000900205490002500214650002100239650002300260650002600283IN-BaIIA211028s9999 xx 000 0 eng d a81-7371-034-1 cIIA Library a539bVEN aVenkataraman, G 4aThe Many phases of matterscG. Venkataraman aHyderabadbUniversities Pressc1997 a98p. aVignettes in Physics aCondensed matter aMolecular dynamics aPhase transformations